[Event "SEMI W-ch5 LG prel-D (Hage mem) email"]
[Site "SEMI email"]
[Date "2002.10.15"]
[Round "?"]
[White "Malmstroem, Jan"]
[Black "Davis, Ian Stuart"]
[Result "1-0"]
[WhiteElo "2200"]
[BlackElo "1802"]
[PlyCount "33"]
[EventDate "2002.10.15"]
[EventType "tourn (corr)"]
[EventRounds "6"]
[EventCountry "ITA"]
[SourceTitle "Corr 2008"]
[Source "ChessBase"]
[SourceDate "2008.06.24"]
[SourceVersion "1"]
[SourceVersionDate "2008.06.24"]
[SourceQuality "1"]

1. e4 e5 2. Nf3 f5 3. Nxe5 Qf6 4. Nc4 fxe4 5. Nc3 Qf7 6. Ne3 c6 7. d3 exd3 8. Bxd3 d5 9. 0-0 Bb4 10. Ncxd5 cxd5 11. Nxd5 Nc6 12. Nxb4 Nxb4 13. Re1+ Ne7 14. Bg5 Nbc6 15. Rxe7+ Nxe7 16. Bb5+ Nc6 17. Qd8# 1-0